000
00192 a2200097 4500
020
_a
9788498200591
041
_a
spa
100
_a
Cassan, Fabian
245
_a
Medicina alternativa
942
_c
BK
999
_c
30936
_d
30934